000
00309nam a2200109Ia 4500
008
200302s9999 xx 000 0 und d
100
_a
Robert H. Connery
245
_a
Governing the City : Challenges and Options for New York
260
_b
The Academy of Political Science
260
_c
1969
300
_a
230 P.,
999
_c
5628
_d
5628